| 000 | 00645nam a22002057a 4500 | ||
|---|---|---|---|
| 003 | OSt | ||
| 005 | 20240621032858.0 | ||
| 008 | 240621b |||||||| |||| 00| 0 eng d | ||
| 020 | _a971896102x | ||
| 040 |
_aDWC- Main Lib _cOC |
||
| 082 | _aFil. 371.262 B982p 2018 | ||
| 100 | _aBusto,Arellano V. | ||
| 245 |
_aProfessional board examination for teachers / _cArellano V. Busto. |
||
| 250 | _aRevised edition | ||
| 260 |
_aManila, Philippines : _bA.V.B Printing Press, _cc2018. |
||
| 300 |
_axxvii, 596 pages : _billustrations; _c22cm. |
||
| 650 | _a1. Teachers– Philippines–Examination | ||
| 650 | _a2. Reviewer | ||
| 942 |
_2ddc _cBK - FIL _n1 |
||
| 999 |
_c1062 _d1062 |
||